LEADER 01160nam--2200385---450- 001 990003463300203316 005 20101103112139.0 010 $a978-88-13-30183-5 035 $a000346330 035 $aUSA01000346330 035 $a(ALEPH)000346330USA01 035 $a000346330 100 $a20101103d2009----km-y0itay50------ba 101 $aita 102 $aIT 105 $a||||||||001yy 200 1 $aDati genetici e procedimento penale$fChiara Fanuele 210 $aPadova$cCEDAM$d2009 215 $aXVII, 359 p.$d24 cm 225 2 $aProblemi attuali della giustizia penale$v32 410 0$12001$aProblemi attuali della giustizia penale$v, 32 454 1$12001 461 1$1001-------$12001 606 0 $aPerizie genetiche$xLegislazione$yItalia$2BNCF 676 $a345.45067 702 1$aFANUELE,$bChiara 801 0$aIT$bsalbc$gISBD 912 $a990003463300203316 951 $aXXVI.2.C. 483$b65586 G.$cXXVI.2.C.$d00283847 959 $aBK 969 $aGIU 979 $aFIORELLA$b90$c20101103$lUSA01$h1119 979 $aFIORELLA$b90$c20101103$lUSA01$h1121 996 $aDati genetici e procedimento penale$91111742 997 $aUNISA